00554cam a2200169ua 45000010005000000080039000050200018000440400009000620820011000711000046000822450097001282500009002252600039002343000023002736530014002966530074003101949110811n ii |||gr||||Z||||||eng a81-7041-555-4 cMAIN a379.54 aSharma, S. R.,d1991,q(Sita Ram Sharma).1 aNational policy on education towards an enlightened and human society vol-1cby S. R. Sharma a1st. aNew Delhi:bAnmol publication,991. axxii; 298p:c23cm. aEducation aNational policy on education towards an enlightened and human society